000 00577nam a2200217 a 4500
001 000008546
005 20200929161348.0
008 090917s1993 sp 000 f spa d
020 _a8401325226
040 _aDO-SdBNP
082 _a863.44
_bC314i
100 1 _aCarré, John le
_d1931-
_922909
245 1 3 _aEl infiltrado /
_cJohn le Carré; traducción Luis Morillo Fort.
246 1 _aThe night Manager
250 _a5a ed.
260 _c1993.
300 _a535 p. : ;
_c22 cm.
650 4 _aNovela inglesa
_91071
650 4 _aLiteratura inglesa
_9498
049 _aBNPD
999 _c8316
_d8316